000
00269nam a22001337a 4500
003
SGT
082
_a
635
_b
THO
100
_a
THOMPSON HOMER C
245
_a
VEGETABLE CROPS
260
_a
LONDON
_b
MC GROW HILL
_c
1939
300
_a
578
650
_a
AG
942
_2
ddc
_c
RARE
999
_c
33748
_d
33748